000 00851pam a2200277 i 4500
001 391539
003 NUST - PNEC
005 20170116181115.0
008 790307s1980 nyua b 001 0 eng
010 _a 79011198
020 _a0070213194
040 _aDLC
_cLIB-0
_dDLC
050 0 0 _aHF5549
_b.F583 1980
082 0 0 _a658.3 FLI
100 1 _aFlippo, Edwin B.
245 1 0 _aPersonnel management /
_cEdwin B. Flippo.
250 _a6th ed.
260 _aNew York :
_bMcGraw-Hill,
_cc1984.
300 _axvi, 511 p. :
_bill. ;
_c25 cm.
490 0 _aMcGraw-Hill series in management
500 _aFirst-4th ed. published under title: Principles of personnel management.
504 _aIncludes bibliographies and indexes.
650 0 _aPersonnel management.
_xMIS
906 _a7
_bcbc
_corignew
_d1
_eocip
_f19
_gy-gencatlg
942 _2ddc
_cBK
999 _c69305
_d69305